000 01046nam0a2200301 4500
001 RU\NLR\bibl\483699
005 20250623193433.0
010 _a5-98216-007-5
_91000
021 _aRU
_b2003-68601
_93388
035 _a(NLR Aleph) 000476453
090 _a1026330
_c1026330
100 _a20040128d2003 |||y0rusy50 ca
101 0 _arus
102 _aRU
105 _aa |||||||||
200 1 _aБольшая фарма
_fМ. Гетьман
210 _aМ.
_cЛиттерра
_d2003
215 _a311 с.
_cил.
_d29
300 _aНа 4-й с. обл. авт.: Гетьман Михаил Александрович - к.фарм.н.
320 _aДр. работы авт. на 4-й с. обл.
606 0 _aФармацевтические товары
_xРынки
_92318991
_3RU\NLR\auth\661387440
686 _aР11(2)26
700 1 _aГетьман
_bМ. А.
_f1964-
_gМихаил Александрович
_4070
801 0 _aRU
_bNLR
_c20040128
_gPSBO
801 1 _aRU
_bNLR
_c20040128
942 _cBOOK
980 _aNB